茨城県の郡 - Statistics

General Stats
  • This quiz has been taken 16 times
  • The average score is 5 of 7
Answer Stats
郡名 属する町村 % Correct
那珂郡 東海村
88%
猿島郡 五霞町・境町
88%
東茨城郡 茨城町・大洗町・城里町
81%
稲敷郡 美浦村・阿見町・河内町
81%
久慈郡 大子町
75%
結城郡 八千代町
69%
北相馬郡 利根町
63%
No matching quizzes found
Score Distribution
Percent of People with Each Score
Percentile by Number Answered
Your Score History
You have not taken this quiz